[Event "Plancoet op 2nd"]
[Site "Plancoet"]
[Date "2002.07.29"]
[Round "4.24"]
[White "Sebagh, William"]
[Black "Philippe, Vincent"]
[Result "1/2-1/2"]
[WhiteElo "1710"]
[BlackElo "1830"]
[PlyCount "31"]
[EventDate "2002.07.23"]
[EventType "swiss"]
[EventRounds "9"]
[EventCountry "FRA"]
[SourceTitle "EXT 2003"]
[Source "ChessBase"]
[SourceDate "2002.11.25"]
[SourceVersion "1"]
[SourceVersionDate "2002.11.25"]
[SourceQuality "1"]

1. d4 d5 2. c4 c6 3. cxd5 cxd5 4. Nc3 Nf6 5. Bf4 Nc6 6. e3 a6 7. Bd3 e6 8. Nf3 Be7 9. h3 0-0 10. 0-0 b5 11. Rc1 Bb7 12. Ne5 Nxe5 13. Bxe5 Nd7 14. Bf4 Nf6 15. Be5 Rc8 16. Bb1 1/2-1/2

[Event "Plancoet op 2nd"]
[Site "Plancoet"]
[Date "2002.07.28"]
[Round "2.13"]
[White "De Barros, Frederic"]
[Black "Philippe, Vincent"]
[Result "1-0"]
[WhiteElo "2080"]
[BlackElo "1830"]
[PlyCount "51"]
[EventDate "2002.07.23"]
[EventType "swiss"]
[EventRounds "9"]
[EventCountry "FRA"]
[SourceTitle "EXT 2003"]
[Source "ChessBase"]
[SourceDate "2002.11.25"]
[SourceVersion "1"]
[SourceVersionDate "2002.11.25"]
[SourceQuality "1"]

1. e4 e5 2. Nf3 Nc6 3. c3 Nf6 4. d4 exd4 5. e5 Nd5 6. cxd4 Be7 7. Bc4 Nb6 8. Bb3 d6 9. exd6 Bxd6 10. 0-0 0-0 11. h3 Bf5 12. Nc3 a6 13. Re1 Na5 14. Bg5 Qd7 15. Bc2 Bxc2 16. Qxc2 h6 17. Bd2 Nac4 18. Rad1 Nxd2 19. Rxd2 Bf4 20. Rde2 Rfe8 21. Ne4 f5 22. Nc5 Rxe2 23. Rxe2 Qb5 24. b3 Nd5 25. a4 Qc6 26. Re6 1-0